01120nam a2200241Ia 4500001000600000003000900006008004100015040001300056040001300069041001300082100001900095100002900114245004100143245004100184250001100225260001000236260001000246260004900256300004500305500048200350650001500832650003100847D4135IT-RoPAU130308s9999 xx 000 0 und d aIT-RoPAU cIT-RoPAU aFRANCESE aBarthes Roland gCodice Aut. SPICS: 9514 aOeuvres completes, tome I: 1942-1965 bOeuvres Completes, tome I: 1942-1965 a1a ed. aPARIS bSeuil c1993 [1° Ed.:1993 - Ed.Ling.Originale:1993] a"1614 p. (prefazione: no ; testo: 1614)" aPrimo Volume delle Opere Complete di Barthes: Edizione Curata e Presentatada Eric Marty. testo di tutti gli Articoli Apparsi su varie Riviste, Testidi corsi Tenuti nelle Scuole, conferenze e Interviste, Ma Soprattutto Testi dei Libri, dei Quali Riportiamo I Titoli: le Degre' Zero De L'Ecriture (1953), Michelet (1954), Mythologies, le mythe Aujourd'Hui (1957), Sur Racine(1963), Essais Critiques (1964), la tour Eiffel (1964), Elements De Semiologie (1965). breve Cronologia. aSEMIOLOGIA eCodice materia Spics: 3251